[Event "Getxo op 2nd"]
[Site "Getxo"]
[Date "2017.09.10"]
[Round "4"]
[White "Diaz Lombera, Cristian"]
[Black "Michna, Marta"]
[Result "0-1"]
[WhiteElo "1846"]
[BlackElo "2376"]
[PlyCount "51"]
[EventDate "2017.09.09"]
[EventType "swiss"]
[EventRounds "9"]
[EventCountry "ESP"]
[SourceTitle "CBM 180 Extra"]
[Source "ChessBase"]
[SourceDate "2017.10.06"]
[SourceVersion "1"]
[SourceVersionDate "2017.10.06"]
[SourceQuality "1"]

1. e4 e6 2. d4 b6 3. Nc3 Bb7 4. Bd3 g6 5. Be3 Bg7 6. Qd2 Ne7 7. Nge2 h6 8. f3 d5 9. exd5 exd5 10. 0-0-0 Nbc6 11. Bb5 a6 12. Ba4 Nf5 13. Bf2 0-0 14. g4 Nd6 15. Bxc6 Bxc6 16. b3 a5 17. Be3 Kh7 18. h4 b5 19. Nf4 b4 20. Nce2 Re8 21. Ng3 a4 22. g5 axb3 23. axb3 h5 24. Qd3 Bb5 25. Qd2 Ra2 26. Rde1 0-1